书目信息 |
| 题名: |
环境影响评价相关法律法规
|
|
| 作者: | 刘伟生 主编 ;环境保护部 编 | |
| 分册: | ||
| 出版信息: | 北京 中国环境出版社 2014 |
|
| 页数: | 310页 | |
| 开本: | 23cm | |
| 丛书名: | ||
| 单 册: | ||
| 中图分类: | D922.680.4 | |
| 科图分类: | ||
| 主题词: | 环境影响评价法 , 环境影响评价法--中国--资格考试--自学参考资料 | |
| 电子资源: | ||
| ISBN: | 978-7-5111-1726-7 | |
| 000 | 01093nam0 2200277 450 | |
| 001 | 139954 | |
| 005 | 20140914111357.26 | |
| 010 | @a978-7-5111-1726-7@dCNY 60.00 | |
| 100 | @a20140423d2014 em y0chiy50 ea | |
| 101 | 0 | @achi |
| 102 | @aCN@b110000 | |
| 105 | @ay z 000yy | |
| 200 | 1 | @a环境影响评价相关法律法规@Ahuan jing ying xiang ping jia xiang guan fa lv fa gui@b专著@e2014年版@f环境保护部环境工程评估中心编 |
| 205 | @a7版 | |
| 210 | @a北京@c中国环境出版社@d2014 | |
| 215 | @a310页@d23cm | |
| 300 | @a全国环境影响评价工程师职业资格考试系列参考教材 | |
| 314 | @a主编:刘伟生 | |
| 330 | @a本书介绍了全国环境影响评价工程师职业资格考试环境影响评价的相关法律法规知识,涉及规划的环境影响评价、建设项目环境影响评价、建设项目环境影响评价资质管理、建设项目竣工环境保护验收等。 | |
| 606 | 0 | @a环境影响评价法 |
| 606 | 0 | @a环境影响评价法@y中国@x资格考试@j自学参考资料 |
| 690 | @aD922.680.4@v5 | |
| 701 | 0 | @a刘伟生@Aliu wei sheng@c(环境)@4主编 |
| 712 | 02 | @a环境保护部@Ahuan jing bao hu bu@b环境工程评估中心@4编 |
| 801 | 0 | @aCN@bZL@c20140914 |
| 905 | @a241430@dD922.680.4@eH7841=7 | |
| 环境影响评价相关法律法规:2014年版/环境保护部环境工程评估中心编.-7版.-北京:中国环境出版社,2014 |
| 310页;23cm |
| 全国环境影响评价工程师职业资格考试系列参考教材 |
| ISBN 978-7-5111-1726-7:CNY 60.00 |
| 本书介绍了全国环境影响评价工程师职业资格考试环境影响评价的相关法律法规知识,涉及规划的环境影响评价、建设项目环境影响评价、建设项目环境影响评价资质管理、建设项目竣工环境保护验收等。 |
| ● |
| 相关链接 |
|
|
|
正题名:环境影响评价相关法律法规
索取号:D922.680.4/H7841=7
 
预约/预借
| 序号 | 登录号 | 条形码 | 馆藏地/架位号 | 状态 | 备注 |
| 1 | 0832674 | 208326747 | 社科库509/509社科库 90排5列2层/ [索取号:D922.680.4/H7841=7] | 在馆 | |
| 2 | 0832675 | 208326756 | 社科库509/509社科库 90排5列2层/ [索取号:D922.680.4/H7841=7] | 在馆 | |
| 3 | 0832676 | 208326765 | 社科库509/509社科库 90排5列2层/ [索取号:D922.680.4/H7841=7] | 在馆 | |
| 4 | 0832677 | 208326774 | 社科库509/509社科库 90排5列2层/ [索取号:D922.680.4/H7841=7] | 在馆 | |
| 5 | 0832678 | 208326783 | 社科库509/509社科库 90排5列2层/ [索取号:D922.680.4/H7841=7] | 在馆 | |
| 6 | 0832679 | 208326792 | 社科库509/509社科库 90排5列2层/ [索取号:D922.680.4/H7841=7] | 在馆 | |
| 7 | 0832680 | 208326809 | 社科库509/509社科库 90排5列2层/ [索取号:D922.680.4/H7841=7] | 在馆 | |
| 8 | 0832681 | 208326818 | 社科库509/509社科库 90排5列2层/ [索取号:D922.680.4/H7841=7] | 在馆 | |
| 9 | 0832682 | 208326827 | 社科库509/509社科库 90排5列2层/ [索取号:D922.680.4/H7841=7] | 在馆 | |
| 10 | 0832683 | 208326836 | 社科库509/509社科库 90排5列2层/ [索取号:D922.680.4/H7841=7] | 在馆 |